000
00329nam a2200133Ia 4500
008
150201s2007 xx 000 0 und d
082
_a
616
_b
S07B
100
_a
BHATIA,RS
245
_a
SLECTED TOPICS IN PULOMONARY MEDICINE
250
_a
1ST
260
_b
PEEPEE
_a
DELHI
_c
2007
650
_a
MEDICINE AND DIAGNOSIS
942
_2
ddc
_c
BK
999
_c
682
_d
682